000 00175nam a2200073Ia 4500
008 170617s9999 xx 000 0 und d
100 _aPhipps
245 0 _aMedical surgical Nursing
260 _bJAYPEE BROTHERS
999 _c12691
_d12691